Countries of the world - top 100 best selling singles of all time - Statistics

General Stats
  • This quiz has been taken 135 times
  • The average score is 10 of 15
Answer Stats
Singles Answer % Correct
53 United States
100%
24 United Kingdom
97%
3 France
96%
2 Spain
93%
4 Canada
90%
3 Germany
90%
2 Italy
85%
2 Sweden
84%
1 Japan
79%
1 Denmark
58%
1 Netherlands
58%
1 Austria
48%
1 Jamaica
27%
1 Kenya
9%
1 Moldova
1%
No matching quizzes found
Score Distribution
Percent of People with Each Score
Percentile by Number Answered
Your Score History
You have not taken this quiz